000 00812nam a22001937a 4500
010 _aENG-96774
020 _a9788120747425
_c200.00
035 _aEN-80307
037 _bDBAD/PUB
082 _a230.1
245 _athe Bhagavad Gita
_bthe Lord's song: translated form the sanskrit line by line in the Metre of the original
_c edition by John R. de Lingen [and] edited by Pahlad Ramsurrun
260 _aNew Delhi
_bSterling Paperbacks
_c2009
270 _aA-59, Okhla Industrial Area, Phase-II
_e110020
300 _axxiv, 101
_c24 cm (pbk)
700 _aLingen, John R. de
_9912
700 _aRamsurrun, Pahlad
_9913
942 _2ddc
_cEN
_h230.1
_mBHA
999 _c37328
_d37328